[Event "Collado Villalba op-B 29th"]
[Site "Collado Villalba"]
[Date "2012.08.26"]
[Round "3"]
[White "Garcia Varea, Benjamin"]
[Black "Sadaba Rodriguez, Igor"]
[Result "0-1"]
[WhiteElo "1811"]
[BlackElo "1702"]
[PlyCount "114"]
[EventDate "2012.08.24"]
[EventType "swiss"]
[EventRounds "9"]
[EventCountry "ESP"]
[SourceTitle "CBM 150 Extra"]
[Source "ChessBase"]
[SourceDate "2012.10.19"]
[SourceVersion "1"]
[SourceVersionDate "2012.10.19"]
[SourceQuality "1"]

1. e4 c6 2. f4 d5 3. exd5 cxd5 4. d4 Nf6 5. Bd3 Nc6 6. c3 Bg4 7. Nf3 Qc7 8. 0-0 e6 9. h3 Bh5 10. Qc2 Bd6 11. Ne5 Rc8 12. Qa4 Bg6 13. Bb5 0-0 14. Bxc6 bxc6 15. b4 a5 16. Nd2 axb4 17. cxb4 Ra8 18. Qxc6 Rfb8 19. b5 Qxc6 20. bxc6 Bxe5 21. fxe5 Ne8 22. Nf3 Rc8 23. Bg5 h6 24. Be7 Rxc6 25. a3 Rca6 26. Rfc1 Ra4 27. Bb4 Kh7 28. Nd2 R8a7 29. Nb3 Rc7 30. Kf2 Rc4 31. Na5 Rxd4 32. Nc6 Rc4 33. Rxc4 dxc4 34. Na5 Bd3 35. Rc1 Nc7 36. Nxc4 Bxc4 37. Rxc4 Nb5 38. Rc8 Nxa3 39. Bd6 Nb5 40. Bb8 Ra8 41. Rf8 Nd4 42. Ke3 Nc6 43. Bd6 Rxf8 44. Bxf8 Nxe5 45. Ke4 Nd7 46. Bd6 g5 47. g4 Kg6 48. Kd4 f5 49. Bc7 f4 50. Ke4 h5 51. Bd6 hxg4 52. hxg4 Nf6+ 53. Kf3 Nd7 54. Ke4 Kf6 55. Kf3 e5 56. Ke4 Ke6 57. Bc7 Nf6+ 0-1

[Event "Collado Villalba op-B 26th"]
[Site "Collado Villalba"]
[Date "2009.08.23"]
[Round "3"]
[White "Navarro Martin, Carlos Alberto"]
[Black "Sadaba Rodriguez, Igor"]
[Result "1-0"]
[WhiteElo "1843"]
[BlackElo "1674"]
[PlyCount "81"]
[EventDate "2009.08.21"]
[EventType "swiss"]
[EventRounds "9"]
[EventCountry "ESP"]
[SourceTitle "EXT 2011"]
[Source "ChessBase"]
[SourceDate "2010.11.26"]
[SourceVersion "1"]
[SourceVersionDate "2010.11.26"]
[SourceQuality "1"]

1. d4 Nf6 2. c4 g6 3. Nc3 d5 4. Nf3 Bg7 5. cxd5 Nxd5 6. e4 Nxc3 7. bxc3 0-0 8. Rb1 c5 9. Be2 cxd4 10. cxd4 Qa5+ 11. Bd2 Qxa2 12. 0-0 b6 13. Qc1 Qe6 14. Bc4 Qd7 15. Bh6 Ba6 16. Bxg7 Kxg7 17. Bd5 Bxf1 18. Kxf1 Na6 19. Ne5 Qd8 20. Qa3 Nc7 21. Bxa8 Qxa8 22. d5 e6 23. Qc3 Nxd5 24. exd5 f6 25. Nd7 Qc8 26. Qxc8 Rxc8 27. dxe6 Re8 28. Re1 f5 29. Re3 f4 30. Re4 g5 31. Ke2 Kg6 32. Kd3 Rc8 33. e7 Re8 34. Ne5+ Kf6 35. Nc6 a6 36. Kd4 a5 37. Kc4 h6 38. Kb5 h5 39. f3 Kf7 40. Kxb6 a4 41. Rxa4 1-0

[Event "Collado Villalba op-B 26th"]
[Site "Collado Villalba"]
[Date "2009.08.21"]
[Round "1"]
[White "Sadaba Rodriguez, Igor"]
[Black "Monmeneu Chulia, Vicente Juan"]
[Result "1-0"]
[WhiteElo "1674"]
[BlackElo "1999"]
[PlyCount "123"]
[EventDate "2009.08.21"]
[EventType "swiss"]
[EventRounds "9"]
[EventCountry "ESP"]
[SourceTitle "EXT 2011"]
[Source "ChessBase"]
[SourceDate "2010.11.26"]
[SourceVersion "1"]
[SourceVersionDate "2010.11.26"]
[SourceQuality "1"]

1. d4 Nf6 2. c4 g6 3. Nc3 Bg7 4. e4 d6 5. Nf3 0-0 6. Be3 Nbd7 7. Be2 Ng4 8. Bg5 h6 9. Bh4 c5 10. 0-0 Re8 11. Rb1 a6 12. Re1 cxd4 13. Nxd4 Nge5 14. Nd5 g5 15. Bg3 e6 16. Ne3 Qb6 17. Nb3 Nc5 18. Nxc5 dxc5 19. Bh5 Rd8 20. Qe2 Bd7 21. Bxe5 Bxe5 22. Qf3 Be8 23. Ng4 Qc7 24. Nxh6+ Kg7 25. Ng4 f5 26. Nxe5 Bxh5 27. Qxh5 Qxe5 28. Qxg5+ Kf7 29. Qh5+ Kf6 30. Qh6+ Kf7 31. exf5 Qxf5 32. h3 Rh8 33. Qe3 Rag8 34. Kf1 Rd8 35. Rbd1 Rhg8 36. Rxd8 Rxd8 37. g4 Qd3+ 38. Qxd3 Rxd3 39. Re3 Rd4 40. b3 Rd2 41. Re2 Rd3 42. Kg2 a5 43. h4 Rc3 44. f3 a4 45. bxa4 Rxc4 46. Rb2 Rxa4 47. Rxb7+ Kf6 48. Rb2 Ke5 49. h5 Kd4 50. h6 Ke5 51. Kg3 Kf6 52. Rb7 Rxa2 53. h7 Ra8 54. Rc7 Kg6 55. Kf4 Rf8+ 56. Ke4 Rh8 57. f4 Rxh7 58. Rxh7 Kxh7 59. Kd3 Kg6 60. Kc4 Kf6 61. Kxc5 e5 62. f5 1-0